History Quiz

Random History Quiz

Three Images: Guess the Historical Figure II Quiz Stats

Quiz Updated Dec 5, 2014

Score 0/15 Timer 06:00
2 Plays Today
% Correct
Walt Disney
97.7%
Steve Jobs
96.3%
Napoleon Bonaparte
92.5%
Charles Darwin
87.9%
Leonardo da Vinci
85%
Elvis Presley
80.4%
Richard Nixon
78%
Marie Curie
77.4%
% Correct
Coco Chanel
72.8%
Alfred Hitchcock
70%
Helen Keller
65%
Audrey Hepburn
60.8%
Jane Goodall
59.3%
Vince Lombardi
55%
Sacagawea
53.2%

You're not logged in!

Compare scores with friends on all Sporcle quizzes.
Sign Up with Email
OR
Log In

You Might Also Like...

Show Comments

Extras

Top Quizzes Today


Score Distribution

Your Account Isn't Verified!

In order to create a playlist on Sporcle, you need to verify the email address you used during registration. Go to your Sporcle Settings to finish the process.